Statistics for Country Of Origin (Sports & Games)

Click here to take the quiz!

General Stats

  • This quiz has been taken 24 times
  • The average score is 7 of 14

Answer Stats

Answer% Correct
Canada
90%
United States
90%
England
86%
Japan
76%
Scotland
67%
France
62%
India
62%
United Kingdom
57%
Greece
48%
China
38%
Denmark
33%
Spain
19%
Egypt
10%
Netherlands
5%

Score Distribution

Percentile by Number Answered

Percent of People with Each Score

Your Score History

You have not taken this quiz